MDQL
is popping MORE tags! Check the
thread
!
Quizzes
Events
Quiz Creation
Community
Videos
Private Events
Remove Ads
Sign In
Join for FREE
Feedback
Dark Mode
Quiz Categories
Sports
Geography
Music
Movies
Television
Just For Fun
Miscellaneous
History
Literature
Language
Science
Gaming
Entertainment
Religion
Holiday
For Kids
Quiz Lab
Recent
Popular Today
Quiz Kudos Today
Editor Picks
Curator Picks
Quizzes by...
Day
Popularity
Type
Ratings
Length
Year
Community
Subscriptions
Recent Discussions
Orange Saloon
Badges
Playlists
Quests
Create
Leaderboards
Showdown
Live 5
Trivia Bingo
Activity
Puzzle Library
Sporcle Events
Private Events
Virtual Trivia
Globe League
Become a Host
Pub Owners
SporcleCon
Opinionation
Our Games
Videos
Blog
Mobile Apps
Partnerships
Remove Ads and Go Orange
Feedback
Television
TV Characters
TV Show
Sitcom
Network
Friends
Reality Shows
Cast
South Park
Star Trek
The Simpsons
Doctor Who
Television
TV Characters
TV Show
Sitcom
Network
Friends
Reality Shows
Cast
South Park
Star Trek
The Simpsons
Doctor Who
Random Quiz
Search Sporcle
×
Quiz Lab
Quiz Lab
Television
Cartoons
Type in answers that appear in a list
Type in answers that appear in a list
Classic
Best Score? Go Orange.
Adventure Time Villains Stats
Can you name the bad/evil characters from Adventure Time?
By
batgurl
6m
21 Questions
788 Plays
788 Plays
788 Plays
Comments
Comments
Give Quiz Kudos
Give Quiz Kudos
-
- Ratings
hide this ad
More Info
Replay
Link that replays current quiz
Next Quiz
Link to next quiz in quiz playlist
You Got
0%
They Got
Avg Score
60%
Avg Friend Score
Upgrade to see
Score Distribution
Jump to the score distribution portion of the page
Score
0/21
Timer
06:00
0
Plays Today
Hint
Character
% Correct
A lonely psychopath that spends his tim stealing princesses. Main
Ice King
98.6%
His goal is to destroy all life. Possesses the Snail, Princess Bubblegum, and Billy.
The Lich
90.1%
Likes sucking up souls. Steals cold fries but apologizes later on.
Hunson Abadeer
73.5%
Sour ruler who takes Princess Bubblegum's throne until she is old enough to rule Candy Kingdom again.
Earl of Lemongrab
73.2%
Belongs to the Ice King but escapes to try and rip out PB's heart and marry it.
Ricardio the Heart Guy
71.1%
Jerk who uses his powers to turn people into freaks so they can learn a lesson; not to help jerks.
Magic Man
69.4%
Goes around hugging people during a full moon. Has heart shaped hands and feet.
Hug Wolf
69%
Cold ruler who leads Fionna on a wild scheme so she could have Prince Gumball for herself.
Ice Queen
67.5%
Finn is almost killed by him after losing a music battle. Friends with Peppermint Butler.
Death
64.1%
Human-
like person who leads her friends on an attack to eat all of Candy Kingdom. Her home is Beautopia.
Susan Strong
61.9%
Small feline assassin sent to kill Wildberry Princess. Hides in Jakes nose and threatens him with poison.
Me-Mow
61.5%
Hint
Character
% Correct
Immortal wizard who is dumped by his girlfriend. Later tricks Finn and Jake into helping him destroy the memory of it.
Ash
60.8%
Created by PB to rule the kingdom in case she dies. Uses her psychic powers to make people do what she wants.
Goliad
55.3%
Cute little evil-
doers who hatch out of a pod from a magic bean. Allergic to ice cream.
Baby Pigs
49%
Uses his hypnotizing ability to trap Finn and Jake in a dreamscape prison.
King Worm
46.7%
A ruthless gang that terrorizes citizens by bullying and demanding payment. Led by 'Big Destiny'.
Destiny Gang
46.1%
A hitman mistakenly hired by the Ice King to hit Finn and Jake but tries to kill them. Can conjure up fire and turn into smoke. Dresses like a mummy.
Scorcher
45.7%
Tries to suck Jake up her butt for some princess hair. Eventually lets him go for Finn's beautiful locks.
Tree Witch
44.3%
Adorable minuscule ruler who tries in vain to defeat Finn and Jake.
Cute King
39.5%
Goblin king who enjoys spanking his subjects. Leads an army of Earclops to take back his kingdom from Finn and Jake.
Xergiok
37.2%
The undead ruler who enjoys forcing people fight Gladiator Ghosts in his arena.
Fight King
36.4%
Quiz Playlist
Details
Report
Send in Message
Add To Playlist
More Info:
Don't worry, we won't let them spank your hams.
Classic:
Type in answers that appear in a list
Last Updated: Feb 16, 2017
Quiz Scoreboard
CHALLENGE
Sign Up to Join the Scoreboard
Show All
Scores
Hide
Comments
May contain spoilers
Recently Published
Two Season TV Shows II
by 123Four
Television
10m
Image Sorting: Flags VI
by Barbecue
Geography
2m
Find the 'City' Movie
by crazypaving
Movies
60s
More to Explore
Quiz From the Vault
Featured Blog Post
14 Easter Pick-up Lines to Find Eggs With
hide this ad
You Might Also Like...
Tags
Cartoons Quiz
Adventure
Adventure Time
Cartoon Characters
Cartoon Network
Character
Evil
time
Villains
Today's Top Quizzes in Television
Browse Television
hide this ad
Today's Top Quizzes in Cartoons
Browse Cartoons
Top Contributed Quizzes in Television
1
Survivor Journey Challenge
2
Adjectives in 00s TV Shows
3
Brooklyn Nine Nine Logic Puzzle (How-To-Play)
4
Even More Two Season TV Shows
5
Total Drama Characters
6
Survivor Logic Puzzle: Heroes vs. Villains
7
Adjectives in 10s TV Shows
8
Survivor Heroes vs. Villains Logic Puzzle
9
Phoebe Buffay Quotes
10
Survivor Seasons
Explore More
Trending Topics
Crossword
Anime
Harry Potter
NBA
Disney
Marvel
Kpop
Soccer
Pokémon
Country
Puzzle
NFL
Song
The Office
WWE
hide this ad
More By:
batgurl
Quiz
Plays
Rating
Category
Featured
Created
Adventure Time Villains
788
5.00
Television
Dec 1, 2012
Go to Creator's Profile
Score Distribution
Quiz Creator Spotlight
batgurl
Follow
Send a Message
Quizzes Created
-
Created Quiz Play Count
-
More By This Creator
Popular Quizzes Today
1
Find the US States - No Outlines Minefield
2
Colored Red Africa Blitz
3
Find the 'City' Movie
4
5x2 Blitz: Bands
5
The Countries of the World
6
Find the Countries of Europe - No Outlines Minefield
7
Find the US States
8
US States
More Television Quizzes
Whose TV Series? (Double Acts)
Published
Trending Quizzes
Colored Red Europe Blitz I
Colored Red Africa Blitz II
Colored Red Europe Blitz II
Colored Red Europe Blitz III
Colored Red Africa Blitz III
Recently Updated
How Do You Spell That?
pecheneg
Godzilla Movies
pecheneg
Grab Bag: 4-10 Letters
pecheneg
2024 March Madness Bracket
pecheneg
Famous TV Couples
Peacemaker
Champions League XIs: Real Madrid
pecheneg
Largest US Cities 1790-2010
pecheneg
Rides in Walt Disney World
pecheneg
Most Oscar Losses (Acting)
pecheneg
Beyoncé Albums
pecheneg
Trending Topics
Crossword
Harry Potter
Disney
Marvel
NBA
Kpop
Anime
Soccer
Pokémon
The Office
Puzzle
Country
NFL
WWE
Song
Your Account Isn't Verified!
In order to create a playlist on Sporcle, you need to verify the email address you used during registration. Go to your
Sporcle Settings
to finish the process.
Report this User
Report this user for behavior that violates our
Community Guidelines
.
Details:
Send Report
Go to the Sporcle.com Mobile Site →
Comments